000 01587nam a22004337a 4500
001 T0000697
003 KOHA_MİRAKIL
005 20260207004701.0
007 ta
008 220325b2021 tu |||grm|||#0|||0|tur |
020 _a
040 _aTR-BiSEU
_btur
_cTR-BiSEU
_erda
041 0 _atur
044 _ctu
050 0 0 _aTez
_b697
100 1 _aTuran, Bülent.
245 1 _aKişilik özelliklerinin içsel ve dışsal whistleblowing niyeti üzerindeki etkisinde X ve Y kuşaklarının düzenleyici etkisi/
_cBülent Turan ; Bülent Turan; danışman Gürkan Haşit.
264 1 _aBilecik :
_bBilecik Şeyh Edebali Üniversitesi
_c2021
300 _aXII, 173 sayfa: resimli; 30 cm. +
_e1 CD-ROM
336 _ametin
_btxt
_2rdacontent
337 _aaracısız
_bn
_2rdamedia
338 _acilt
_bnc
_2rdacarrier
490 0 _aRef.
490 0 _ano: 10226892
500 _aKaynakça var.
500 _aİngilizce eser adı: The moderating effect of generation x and y on the effect of personality traits on internal and external whistleblowing intention.
502 _aTez (Doktora) -- Bilecik Şeyh Edebali Üniversitesi Sosyal Bilimler Enstitüsü İşletme Anabilim Dalı, Bilecik, .
650 0 _aKişilik.
_98397
650 0 _aKişilik özellikleri.
_9127085
650 0 _aWhistleblowing.
_9127086
650 0 _aKuşaklar.
_9100646
650 0 _aPersonality.
_98399
650 0 _aPersonality traits.
_9127087
650 0 _aGenerations.
_9127088
830 0 _aRef.
_9123605
830 0 _ano: 10226892
_9127089
856 4 0 _uhttps://hdl.handle.net/11552/2123
907 _aDoktora
942 _2lcc
_cTS
999 _c67456
_d67456